000 00516nam a2200157 a 4500
001 000036135
005 20200930074916.0
008 111031s2004 fr a 000 0 spa d
040 _aDO-SdBNP
_bspa
_cBNPHU
082 _axxxx
_bA919g
100 1 _aAugé, Claude,
_d1854-1924
_962172
245 1 0 _aGrammaire :
_bcours supérieur /
_cClaude Augé.
260 _aParis :
_bLibrairie Larousse,
_c[19--?].
300 _a472 p. :
_bil. ;
_c18 cm.
590 _aPerteneció a la biblioteca personal de Juan Isidro Jimenes Grullón
999 _c35626
_d35626